Industrial education versus crime (Record no. 174982)

MARC details
000 -LEADER
campo de control de longitud fija 01229nam a22002415i 4500
001 - NÚMERO DE CONTROL
campo de control 174982
003 - IDENTIFICADOR DE NÚMERO DE CONTROL
campo de control ES-MaACL
005 - FECHA Y HORA DE LA ÚLTIMA TRANSACCIÓN
campo de control 20250719062547.0
008 - DATOS DE LONGITUD FIJA--INFORMACIÓN GENERAL
campo de control de longitud fija 100906s1877 xxk |||| | eng d
110 2# - ENTRADA PRINCIPAL--NOMBRE DE ENTIDAD CORPORATIVA
Nombre de entidad corporativa o nombre de jurisdicción como elemento de entrada Howard Association (London)
9 (RLIN) 134440
245 10 - MENCIÓN DEL TÍTULO
Título Industrial education versus crime
Resto del título : need for cheap & common technical schools /
Mención de responsabilidad, etc. (issued by the Howard Association).
260 ## - PUBLICACIÓN, DISTRIBUCIÓN, ETC.
Lugar de publicación, distribución, etc. [London :
Nombre del editor, distribuidor, etc. Howard Association,
Fecha de publicación, distribución, etc. 1877]
300 ## - DESCRIPCIÓN FÍSICA
Extensión 4 p. ;
Dimensiones 20 cm.
505 8# - NOTA DE CONTENIDO CON FORMATO
Nota de contenido con formato Contiene: ;
Título A letter reprinted from the Times, Aug. 28, 1877 /
Mención de responsabilidad by William Tallack, on industrial education and crime
650 14 - PUNTO DE ACCESO ADICIONAL DE MATERIA--TÉRMINO DE MATERIA
Término de materia o nombre geográfico como elemento de entrada Presos-
Subdivisión general Educación.
9 (RLIN) 16388
650 #4 - PUNTO DE ACCESO ADICIONAL DE MATERIA--TÉRMINO DE MATERIA
Término de materia o nombre geográfico como elemento de entrada Jóvenes delincuentes-
Subdivisión general Rehabilitación-
Subdivisión geográfica Gran Bretaña.
9 (RLIN) 151897
700 1# - ENTRADA AGREGADA--NOMBRE PERSONAL
Nombre de persona Tallack, William.
9 (RLIN) 143320
852 ## - LOCALIZACIÓN
Ubicación ES-MaACL
Número de control de estantería D-273(5)
itemnumber 181717
Ubicación en estantería Sala Valle Inclán
Donativo/Legado Donación: Francisco Lastres y Juiz
Sublocalización o colección R.FOLL.12/5
Signatura antigua Olim: 193-C-3
Encuadernación Encuadernado con otras obras formando un volumen facticio
Marcas de propiedad Sello en tinta en la hoja de guarda anterior del volumen: "Donativo del Sr Lastres al Ateneo de Madrid 1907"
903 ## - NOMBRE PERSONAL DE DONANTE
a Lastres y Juiz, Francisco,
d 1848-1918
q 1
e Donante
9 70504
942 ## - ELEMENTOS DE ENTRADA SECUNDARIOS (KOHA)
Fuente del sistema de clasificación o colocación Clasificación decimal universal
Tipo de ítem Koha Folleto
Holdings
Estatus retirado Estado de pérdida Fuente del sistema de clasificación o colocación Estado de daño No para préstamo Colección Biblioteca de origen Biblioteca actual Ubicación en estantería Fecha de adquisición Fuente de adquisición Total de préstamos Signatura topográfica completa Código de barras Visto por última vez Precio de reemplazo Tipo de ítem Koha
    Clasificación decimal universal     Colección de folletos Biblioteca del Ateneo de Madrid Biblioteca del Ateneo de Madrid Sala Valle Inclán 06/09/2010 Donación   D-273(5) 901183733 23/02/2023 23/02/2023 Folleto